000 00597nam a2200229Ia 4500
003 OSt
005 20220928102059.0
006 a|||||r|||| 00| 0
007 ta
008 220927b |||||||| |||| 00| 0 eng d
024 _a39390
037 _cTextual
040 _aSDCL
_cSDCL
_beng
041 _2eng
_aeng
082 _aX615, L6
100 _aMcKenzie George W
_9396474
245 0 _aEconomics of the Euro-Currency system.
260 _aLondon
_bMacmillan
_c1976
300 _a141p
_ccm.
942 _hX615, L6
_cTEXL
_2CC
999 _c712209
_d712209